LEADER 00939nam a2200241 i 4500 001 991002311149707536 008 070402s2004 it a 000 0 ita 020 $a8882343219 035 $ab13507825-39ule_inst 040 $aDip.to Beni Arti e Storia$bita 100 1 $aBandirali, Luca$0473207 245 10$aBuongiorno, notte :$ble ragioni e le immagini /$cLuca Bandirali e Stefano D'Amadio 260 $aLecce :$bArgo,$c2004 300 $a234 p. :$bgran parte ill. ;$b20x28 cm 440 0$aAscoltare lo sguardo ;$v1 650 4$aCinema 700 1 $aD'Amadio, Stefano$eauthor$4http://id.loc.gov/vocabulary/relators/aut$0738624 907 $a.b13507825$b02-04-07$c02-04-07 912 $a991002311149707536 945 $aLE019 A24 MUS E 31$g1$i2019000023412$lle019$o-$pE30.00$q-$rl$s- $t0$u3$v0$w3$x0$y.i14415677$z02-04-07 996 $aBuongiorno, notte$93369120 997 $aUNISALENTO 998 $ale019$b02-04-07$cm$da $e-$fita$git $h0$i0